Feniz gloriosa entre aromas da devoc¸am renascida e em annuaes diarios eternizada (Record no. 8576)
[ view plain ]
| 000 -CABECERA | |
|---|---|
| campo de control de longitud fija | 01885nam a2200229 a 4500 |
| 001 - NÚMERO DE CONTROL | |
| campo de control | BRCA_8925 |
| 005 - FECHA Y HORA DE LA ÚLTIMA TRANSACCIÓN | |
| campo de control | 20190320210447.0 |
| 008 - DATOS DE LONGITUD FIJA--INFORMACIÓN GENERAL | |
| campo de control de longitud fija | 280617s1743----po-#######---#000-0#por-# |
| 041 ## - CÓDIGO DE LENGUA | |
| Código de lengua del texto/banda sonora o título independiente | por |
| 044 ## - CÓDIGO DEL PAÍS DE LA ENTIDAD EDITORA/PRODUCTORA | |
| Código MARC del país | po |
| 084 ## - OTRO NÚMERO DE CLASIFICACIÓN | |
| Número de clasificación | LE10 |
| Número de documento/Ítem | .G68 1743 |
| 100 1# - ENTRADA PRINCIPAL--NOMBRE DE PERSONA | |
| Nombre de persona | Gouvea, Manoel de |
| 9 (RLIN) | 22186 |
| 245 10 - MENCIÓN DE TÍTULO | |
| Título | Feniz gloriosa entre aromas da devoc¸am renascida e em annuaes diarios eternizada |
| Resto del título | segunda parte em practicas, esermoens políticos, Panegyricos, e Morales, da sacratissima Virgem Senhora Nossa, do Glorioso S. Jozé nosso Senior, da insigne Matrona a senhora Santa Anna, e das dores da May de deos nador da sua soledade |
| Mención de responsabilidad, etc. | por Fr. Manoel de Gouvea Augustiniano; offerecida A´Feniz Melhor Da Graca, sempre única, e inmortal Feniz a May de Deos na sua sacratissima, e gloriosissima assumpc, am. |
| 260 ## - PUBLICACIÓN, DISTRIBUCIÓN, ETC. | |
| Lugar de publicación, distribución, etc. | Lisboa |
| Nombre del editor, distribuidor, etc. | Na offiicina de Joam Bautista Lerzo |
| Fecha de publicación, distribución, etc. | 1743 |
| 300 ## - DESCRIPCIÓN FÍSICA | |
| Extensión | [22], 383 p. |
| Otras características físicas | 19.4 x 15.5 cm |
| 500 ## - NOTA GENERAL | |
| Nota general | Com todas as licenzas necessarias |
| 500 ## - NOTA GENERAL | |
| Nota general | Estado físico: presenta encuadernación en pergamino con cintas rotas y lomo semi desprendido |
| 500 ## - NOTA GENERAL | |
| Nota general | Con marca de fuego: “Procedencia de la marca: Colegio de la Santa Cruz de Querétaro(1)(2). Institución: Congregación de Propaganda Fide Descripción: Monograma ´SATO´ que se desata como San Antonio. Le sigue la abreviatura: ´Q´ de Querétaro. Corona el monograma y la inicial la palabra ´posto´ que podría hacer referencia a ´Apostólico´. Observaciones: Esta marca no se localiza en los catálogos impresos anteriores. La primera imagen de la marca de fuego corresponde al libro modelo ya que está más clara y definida. Sin embargo, el testimonio de pertenencia y la segunda imagen de la marca de fuego, pertenece al segundo ejemplar. Ubicación de la marca en el libro: Canto superior y frontal.” |
| 650 14 - PUNTO DE ACCESO ADICIONAL DE MATERIA--TÉRMINO DE MATERIA | |
| Término de materia o nombre geográfico como elemento de entrada | Sermones portugueses |
| Subdivisión cronológica | Siglo XVIII |
| 9 (RLIN) | 22187 |
| 902 ## - CATALOGADOR | |
| Iniciales | CFM |
| 942 ## - ELEMENTOS DE PUNTO DE ACCESO ADICIONAL (KOHA) | |
| Fuente del sistema de clasificación o colocación | Library of Congress Classification |
| Tipo de ítem Koha | Libros |
| Estado de retiro | Estado de pérdida | Estado dañado | No para préstamo | Localización permanente | Ubicación/localización actual | Fecha de adquisición | Total de préstamos | Signatura topográfica completa | Código de barras | Fecha visto por última vez | Precio válido a partir de | Tipo de ítem Koha |
|---|---|---|---|---|---|---|---|---|---|---|---|---|
| El ejemplar forma parte de la colección y puede ser consultado según las políticas vigentes. | Biblioteca del Museo Franz Mayer (Rogerio Casas-Alatriste) | Biblioteca del Museo Franz Mayer (Rogerio Casas-Alatriste) | 28/06/2017 | LE10 .G68 1743 | CFM00247 | 22/03/2019 | 22/03/2019 | Libros |